Possible sources of unwanted effects of electromagnetic pollution in the health service institutions

Bibliographic Details
Main Authors: Macková, Stela (Author), Kukurová, Elena, 1942-2013 (Author)
Corporate Author: Dni lekárskej biofyziky (Author)
Format: Conference Proceeding Article
Language:Slovak
English
ISSN:0006-9248
Subjects:

MARC

LEADER 00000nab a2200000 a 4500
001 vtls008876582
003 SK-MaSNL
005 20260304195536.0
008 250505c2006 xo 0 slo
015 |a SNBCL2005/5 
035 |a SLK038062 
035 |a urn:nbn:sk:snk-abyo6 
035 |a (urnnbn)urn:nbn:sk:snk:ar-a03im6 
035 |a (uuid)15476e3d-4e29-4d82-9644-e517de8c8de4 
040 |a SNKBUCL  |b slo  |c SNKBUCL  |e AACR2 
041 0 |a eng 
044 |a xo  |c SK 
080 |a 378.096-057.875:61:53:061.3  |2 1981 
100 1 |a Macková, Stela  |4 aut  |9 1530379 
245 1 0 |a Possible sources of unwanted effects of electromagnetic pollution in the health service institutions  |c S. Mackova, E. Kukurova 
504 |a Bibliogr. odkazy 
650 0 7 |a znečistenie životného prostredia  |2 MESH  |9 988 
650 0 7 |a neionizujúce žiarenie  |2 MESH  |9 87594 
650 0 7 |a zdravotnícke zariadenia  |2 MESH  |9 3009 
650 0 7 |a študenti lekárstva  |2 MESH  |9 855952 
650 0 7 |a dotazníky  |x využitie  |2 MESH  |9 840640 
650 0 7 |a abstrakty z kongresu  |2 MESH  |9 168204 
700 1 |a Kukurová, Elena,  |d 1942-2013  |4 aut  |9 257825 
711 1 |a Dni lekárskej biofyziky  |n (29. :  |d 2006 :  |c Bratislava, Slovensko)  |4 aut  |9 103809 
773 0 |t Bratislavské lekárske listy/Bratislava medical journal  |g Vol. 107, no. 4 (2006), s. 161-162  |x 0006-9248 
850 |a Slovenská národná knižnica 
852 |a Slovenská národná knižnica 
958 |a article27 
958 |a OND 
958 |a EUIPO 
999 |c 3082002  |d 3083932